000 00313nam a22001337a 4500
008 170615b xxu||||| |||| 00| 0 eng d
020 _a9780878406302
041 _aeng
080 _26 E3D
_a32
100 _a19
101 _aSHP
245 _aCAREERS IN INTERNATIONAK AFFAIRS
_cCARLAND.M.P
942 _2udc
_cBK
999 _c17473
_d17473